000 01222nam a2200241Ia 4500
003 Ost
005 20260507075149.0
008 260507s9999||||xx |||||||||||||| ||und||
020 _a5339328972
040 _cfsecg
041 _aara
082 _a330
100 _aباشا خليل، محمد ابو ضيف
_eمؤلف
245 0 _aجماعات الضغط و تأثيرها على القرارات الادارية و الدولية :
_bماهيتها-أنواعها-عوامل تكوينها-مشروعيتها-أهميتها /
_c محمد ابو ضيف باشا خليل
260 _aالازاريطة:
_bدار الجامعة الجديدة,
_c2008
300 _a370 صفحة؛
_c24 سم
504 _aمراجع ص.344
520 _aالتعريف بجماعات الضغط علي المستوىالمحلي واهمية التاثير في القرارات الدولية من جانب بعض الجماعات والقوى الصاغطة بغرض تحقيق التاثير على الجهات التي تختص باصدار القانون الدولي
653 _aاتخاذ القرارات
653 _aالقرارات الادارية
653 _aالقوى العاملة
942 _cكتاب
999 _c43332
_d43332